[Event "Ch-Fra Fem"]
[Site "Meribel"]
[Date "1998.08.19"]
[Round "1"]
[White "Bramme, Emmanuelle"]
[Black "Gervais, Claire"]
[Result "0-1"]
[WhiteElo "2105"]
[BlackElo "2240"]
[PlyCount "126"]
[EventDate "1998.08.??"]

1. d4 Nf6 2. Nf3 e6 3. c4 b6 4. Bg5 Bb4+ 5. Nc3 O-O 6. e3 h6 7. Bh4 Bb7 8. Bd3
Be7 9. O-O c5 10. Qe2 d6 11. Rfd1 Nbd7 12. Bc2 a6 13. a3 Rc8 14. h3 cxd4 15.
exd4 Bxf3 16. Qxf3 Rxc4 17. Bxf6 Nxf6 18. Bd3 Rc7 19. Bxa6 d5 20. Rac1 Qa8 21.
Bd3 Rfc8 22. Qe3 Ne8 23. Nb5 Rxc1 24. Rxc1 Rc6 25. Nc3 Nd6 26. Re1 Nc4 27. Qe2
Rc8 28. Nd1 Bf6 29. Ne3 Nd6 30. Nc2 Qa4 31. Qd2 Kf8 32. Qf4 Nc4 33. Nb4 Qd7 34.
Re2 Qc7 35. Qxc7 Rxc7 36. Rc2 Bd8 37. a4 Na5 38. Rxc7 Bxc7 39. Kf1 Bd6 40. Nc2
Nb3 41. Ke2 Bf4 42. Bb5 Bc1 43. Kd3 Bxb2 44. f3 Ke7 45. Ke3 f6 46. Kd3 Kd6 47.
Ke3 e5 48. dxe5+ fxe5 49. Kd3 Nc5+ 50. Kd2 d4 51. Kd1 Ne6 52. Ne1 Bc3 53. Nd3
Nc7 54. Bc4 Nd5 55. Bxd5 Kxd5 56. Kc2 e4 57. fxe4+ Kxe4 58. Nf2+ Kf4 59. Nh1
Ke3 60. Kd1 d3 61. Ng3 g6 62. Nh1 Bb4 63. Kc1 Ke2 0-1

[Event "Ch-Fra Fem"]
[Site "Meribel"]
[Date "1998.08.20"]
[Round "1"]
[White "Delahaye, Raphaelle"]
[Black "Klipper, Rebecca"]
[Result "1-0"]
[WhiteElo "2195"]
[BlackElo "2055"]
[PlyCount "95"]
[EventDate "1998.08.??"]

1. c4 c5 2. g3 g6 3. Bg2 Bg7 4. Nc3 Nc6 5. Rb1 Rb8 6. a3 d6 7. Nf3 Bd7 8. O-O
Nf6 9. b4 b6 10. d3 Qc8 11. Re1 O-O 12. Bg5 h6 13. Bxf6 Bxf6 14. Nd5 Kg7 15.
Qc1 Rh8 16. Nd2 Be6 17. Nxf6 exf6 18. Ne4 Qd8 19. bxc5 dxc5 20. Nxc5 Ne5 21.
Ne4 f5 22. Qc3 f6 23. Nd2 Rc8 24. a4 Qd7 25. a5 b5 26. a6 bxc4 27. Rb7 Rc7 28.
Rxc7 Qxc7 29. Rb1 Bc8 30. Bb7 Bd7 31. Nxc4 Rb8 32. Qb4 Bc6 33. Qc5 Nxc4 34.
Qxc4 Qd7 35. Qf4 Qe8 36. h4 Qe5 37. Qxe5 fxe5 38. Rc1 Bb5 39. Rc5 Be8 40. Rxe5
Kf6 41. Rc5 Ke6 42. Kf1 Bd7 43. Ke1 Kd6 44. Rd5+ Ke6 45. Kd2 Bc8 46. Rd8 Rxb7
47. axb7 Bxb7 48. Rh8 1-0

[Event "Ch-Fra Fem"]
[Site "Meribel"]
[Date "1998.08.20"]
[Round "1"]
[White "Flear, Christine"]
[Black "Dacalor, Aurelie"]
[Result "1-0"]
[WhiteElo "2230"]
[BlackElo "210"]
[PlyCount "77"]
[EventDate "1998.08.??"]

1. d4 g6 2. c4 Bg7 3. Nc3 d6 4. Nf3 Bg4 5. e3 Nd7 6. Be2 c6 7. h3 Bxf3 8. Bxf3
Qc7 9. O-O e5 10. dxe5 Nxe5 11. Be2 Nf6 12. f4 Ned7 13. e4 O-O 14. Bf3 Rad8 15.
Be3 Rfe8 16. Qc2 Nxe4 17. Bxe4 f5 18. Bd5+ cxd5 19. Nxd5 Qb8 20. Rad1 Re4 21.
b3 Nb6 22. Bxb6 axb6 23. Qf2 b5 24. cxb5 Rde8 25. Rd2 Qc8 26. Kh1 Qc5 27. Qxc5
dxc5 28. Nc7 Rc8 29. Rd7 Bd4 30. Nd5 Rb8 31. a4 Re2 32. Rd1 Re6 33. b4 b6 34.
Ne7+ Kh8 35. Nc6 Ra8 36. a5 bxa5 37. bxa5 h5 38. a6 h4 39. a7 1-0

[Event "Ch-Fra Fem"]
[Site "Meribel"]
[Date "1998.08.20"]
[Round "1"]
[White "Husson, Cybele"]
[Black "Dubois, Martine"]
[Result "1/2-1/2"]
[WhiteElo "2065"]
[BlackElo "2055"]
[PlyCount "56"]
[EventDate "1998.08.??"]

1. e4 Nf6 2. Nc3 d5 3. exd5 Nxd5 4. Bc4 c6 5. Qf3 Nf6 6. h3 g6 7. d3 Nbd7 8.
Bf4 Bg7 9. Qe3 Nb6 10. Nge2 Nbd5 11. Qd4 Nxf4 12. Qxd8+ Kxd8 13. Nxf4 e6 14.
O-O Nd5 15. Nfe2 Nxc3 16. bxc3 b5 17. Bb3 a5 18. a4 b4 19. Bc4 Bd7 20. Rab1 c5
21. cxb4 axb4 22. d4 Rxa4 23. dxc5 Kc7 24. Rfd1 Bc6 25. Nd4 Rha8 26. Nb5+ Bxb5
27. Bxb5 Ra1 28. Rxa1 Rxa1 1/2-1/2

[Event "Ch-Fra Fem"]
[Site "Meribel"]
[Date "1998.08.21"]
[Round "2"]
[White "Dacalor, Aurelie"]
[Black "Delahaye, Raphaelle"]
[Result "0-1"]
[WhiteElo "210"]
[BlackElo "2195"]
[PlyCount "100"]
[EventDate "1998.08.??"]

1. d4 e6 2. c4 f5 3. Nc3 Nf6 4. Nf3 d5 5. Bg5 c6 6. e3 Be7 7. Qc2 O-O 8. Ne5
Nbd7 9. Nxd7 Bxd7 10. h3 Qa5 11. Bxf6 Rxf6 12. Rd1 Rg6 13. g3 Rc8 14. c5 e5 15.
b4 Qc7 16. Ne2 b6 17. dxe5 bxc5 18. Nf4 Rh6 19. bxc5 Qxe5 20. Nd3 Qe4 21. Rg1
Qe6 22. Qa4 Bf6 23. Kd2 Qe8 24. Rb1 Rb8 25. Bg2 g5 26. Rxb8 Qxb8 27. Bxd5+ Kh8
28. Bg2 Bg7 29. Qb3 Qd8 30. Rb1 Qa5+ 31. Ke2 Be6 32. Qb8+ Bg8 33. Rb2 Re6 34.
Rc2 Qa4 35. Qb1 f4 36. gxf4 gxf4 37. e4 Rxe4+ 38. Bxe4 Qxe4+ 39. Kd2 f3 40. Qf1
Bh6+ 41. Kd1 Bc4 42. Rc3 Bb5 43. Kc2 Bg7 44. Rb3 Ba4 45. Qe1 Qc4+ 46. Kb1 Bxb3
47. Qe8+ Qg8 48. Qxc6 Bxa2+ 49. Kc2 Qc4+ 50. Kd2 Bc3+ 0-1

[Event "Ch-Fra Fem"]
[Site "Meribel"]
[Date "1998.08.21"]
[Round "2"]
[White "Dubois, Martine"]
[Black "Gervais, Claire"]
[Result "0-1"]
[WhiteElo "2055"]
[BlackElo "2240"]
[PlyCount "56"]
[EventDate "1998.08.??"]

1. e4 e6 2. d3 d5 3. Nd2 c5 4. Ngf3 Nc6 5. g3 Bd6 6. Bg2 Nge7 7. O-O b6 8. Re1
O-O 9. c3 Ba6 10. Qc2 Rc8 11. a3 Bb8 12. Bf1 Ng6 13. Qa4 dxe4 14. Nxe4 Bxd3 15.
Bg5 f6 16. Rad1 c4 17. Bh3 Nge5 18. Bxe6+ Kh8 19. Nxe5 Nxe5 20. Bc1 Nf3+ 21.
Kg2 Nxe1+ 22. Rxe1 Re8 23. Bxc8 Bxe4+ 24. Rxe4 Rxe4 25. Bb7 Re7 26. Bf3 Qc8 27.
Qb4 Re5 28. Bb7 Qxb7+ 0-1

[Event "Ch-Fra Fem"]
[Site "Meribel"]
[Date "1998.08.21"]
[Round "2"]
[White "Husson, Cybele"]
[Black "Lebel, Julia"]
[Result "1-0"]
[WhiteElo "2065"]
[BlackElo "2095"]
[PlyCount "91"]
[EventDate "1998.08.??"]

1. e4 Nf6 2. Nc3 d5 3. exd5 Nxd5 4. Bc4 c6 5. Qf3 Be6 6. Nge2 Nc7 7. Bxe6 Nxe6
8. d3 Nd7 9. h4 h5 10. a4 g6 11. a5 a6 12. Bd2 Bg7 13. Na4 O-O 14. Bc3 Bxc3+
15. Naxc3 Nf6 16. O-O Qc7 17. Ne4 Ng4 18. g3 Rad8 19. Ng5 Nxg5 20. hxg5 Rd5 21.
Qf4 Qd7 22. f3 Rf5 23. Qd2 Ne5 24. Qe3 c5 25. Kg2 Nc6 26. Nc3 Re5 27. Ne4 Qd4
28. Qf2 Rd8 29. f4 Rf5 30. Rfd1 Qxf2+ 31. Kxf2 Ne5 32. Re1 Ng4+ 33. Kg2 Rdd5
34. Ra3 c4 35. dxc4 Rxa5 36. Rb3 Ra4 37. c5 Rc4 38. c3 Rd5 39. Rxb7 Rd3 40.
Rxe7 Kg7 41. b3 Rcxc3 42. Nxc3 Rxc3 43. b4 a5 44. bxa5 Rxc5 45. a6 Ra5 46. a7
1-0

[Event "Ch-Fra Fem"]
[Site "Meribel"]
[Date "1998.08.21"]
[Round "2"]
[White "Klipper, Rebecca"]
[Black "Bramme, Emmanuelle"]
[Result "1-0"]
[WhiteElo "2055"]
[BlackElo "2105"]
[PlyCount "121"]
[EventDate "1998.08.??"]

1. d4 d5 2. c4 e6 3. Nc3 Be7 4. Nf3 Nf6 5. Bg5 h6 6. Bh4 O-O 7. cxd5 exd5 8. e3
b6 9. Qc2 Bb7 10. Bd3 Nbd7 11. O-O c5 12. Bg3 Nh5 13. Rfd1 Nxg3 14. hxg3 Nf6
15. Bf5 Qc7 16. Ne5 cxd4 17. exd4 Rad8 18. Qb3 Qb8 19. Re1 Bb4 20. a3 Bd6 21.
f4 a6 22. Kf2 b5 23. Rh1 Qa8 24. g4 Ne4+ 25. Kf3 Rfe8 26. Rae1 Bxe5 27. fxe5
Ng5+ 28. Kf4 Bc8 29. Nb1 Qc6 30. Nd2 Ne6+ 31. Kg3 Qc7 32. Rc1 Qe7 33. Qe3 Qg5
34. Qxg5 Nxg5 35. Rc7 Be6 36. Rc6 Ra8 37. Rhc1 g6 38. Bb1 Rec8 39. Ba2 Kg7 40.
Rxc8 Rxc8 41. Rxc8 Bxc8 42. Bxd5 f6 43. Nf3 Ne6 44. Bxe6 Bxe6 45. exf6+ Kxf6
46. Ne5 Bd5 47. b4 Be6 48. Kf4 Bc8 49. d5 g5+ 50. Ke4 Ke7 51. Kd4 Kf6 52. g3
Bb7 53. Nd3 Bc8 54. Nf2 Bd7 55. Ne4+ Ke7 56. d6+ Ke6 57. Nc5+ Kxd6 58. Nxd7
Kxd7 59. Kd5 Kc7 60. Ke6 Kc6 61. Ke5 1-0

[Event "Ch-Fra Fem"]
[Site "Meribel"]
[Date "1998.08.21"]
[Round "2"]
[White "Muller, Anne"]
[Black "Flear, Christine"]
[Result "1/2-1/2"]
[WhiteElo "2095"]
[BlackElo "2230"]
[PlyCount "69"]
[EventDate "1998.08.??"]

1. e4 c5 2. Nf3 Nc6 3. d4 cxd4 4. Nxd4 Qc7 5. Nc3 e6 6. f4 a6 7. Nf3 Bc5 8. Bd3
d6 9. Qe2 Nd4 10. Nxd4 Bxd4 11. Nd1 Nf6 12. c3 Ba7 13. Be3 Bxe3 14. Nxe3 Bd7
15. O-O O-O 16. Kh1 Bc6 17. Ng4 Nxg4 18. Qxg4 Bxe4 19. Bxe4 f5 20. Qe2 fxe4 21.
Qxe4 Rf6 22. Rae1 Raf8 23. Qd3 Qd7 24. Qe4 e5 25. Qd5+ Qf7 26. Qxf7+ R6xf7 27.
g3 exf4 28. Rxf4 Rxf4 29. gxf4 Rxf4 30. Re7 b5 31. Kg2 Rf7 32. Re8+ Rf8 33. Re7
Rf7 34. Re8+ Rf8 35. Re7 1/2-1/2

[Event "Ch-Fra Fem"]
[Site "Meribel"]
[Date "1998.08.22"]
[Round "3"]
[White "Bramme, Emmanuelle"]
[Black "Dacalor, Aurelie"]
[Result "0-1"]
[WhiteElo "2105"]
[BlackElo "210"]
[PlyCount "116"]
[EventDate "1998.08.??"]

1. d4 g6 2. Nf3 Bg7 3. Bf4 c5 4. c3 cxd4 5. cxd4 Qb6 6. Qd2 d6 7. Nc3 Bg4 8. e3
Nc6 9. Be2 Nf6 10. h3 Bf5 11. O-O O-O 12. Rac1 Ne4 13. Nxe4 Bxe4 14. Bg3 Rad8
15. Bh4 Rfe8 16. b3 h6 17. Rfd1 g5 18. Bg3 e5 19. d5 Ne7 20. Bc4 Bg6 21. a4 a6
22. a5 Qa7 23. Qb4 Bh5 24. e4 f5 25. Bd3 Bxf3 26. gxf3 f4 27. Bh2 Rd7 28. Rc3
Ng6 29. Kf1 Bf6 30. Qa4 Ree7 31. Rdc1 Qd4 32. Qxd4 exd4 33. Rc8+ Kf7 34. Ke2
Re8 35. R8c2 Ne5 36. b4 Rb8 37. h4 Rbd8 38. h5 Ke7 39. Ra2 Ra8 40. b5 Kd8 41.
Rg1 Rg7 42. b6 g4 43. fxg4 f3+ 44. Kd1 Nxd3 45. Bxd6 Rc8 46. Bc7+ Ke7 47. Rg3
Be5 48. Rxf3 Bxc7 49. Rxd3 Bf4 50. f3 Rc4 51. Ra1 Kd6 52. Ke2 Rg8 53. Rad1 Ke5
54. Ra3 Rc2+ 55. Kd3 Rf2 56. Kc4 Rc8+ 57. Kb4 Bd2+ 58. Kb3 Rxf3+ 0-1

[Event "Ch-Fra Fem"]
[Site "Meribel"]
[Date "1998.08.22"]
[Round "3"]
[White "Delahaye, Raphaelle"]
[Black "Muller, Anne"]
[Result "1-0"]
[WhiteElo "2195"]
[BlackElo "2095"]
[PlyCount "63"]
[EventDate "1998.08.??"]

1. c4 e5 2. g3 Nf6 3. Bg2 d5 4. cxd5 Nxd5 5. Nc3 Nb6 6. Nf3 Nc6 7. O-O Be7 8.
a3 O-O 9. b4 a6 10. d3 Be6 11. Ne4 Nd7 12. Qc2 f6 13. Rb1 Rb8 14. Bd2 Bf7 15.
a4 Nd4 16. Nxd4 exd4 17. Bf4 Ne5 18. Nc5 Bd5 19. Bh3 Kf7 20. Bxe5 Bxc5 21. Bxf6
Qxf6 22. Qxc5 c6 23. e4 b6 24. Qc2 Be6 25. Bg2 Rfc8 26. f4 c5 27. e5 Qd8 28. f5
Bd5 29. f6 g6 30. Qd2 Bxg2 31. Qxg2 c4 32. Qh3 1-0

[Event "Ch-Fra Fem"]
[Site "Meribel"]
[Date "1998.08.22"]
[Round "3"]
[White "Gervais, Claire"]
[Black "Klipper, Rebecca"]
[Result "1/2-1/2"]
[WhiteElo "2240"]
[BlackElo "2055"]
[PlyCount "67"]
[EventDate "1998.08.??"]

1. d4 Nf6 2. c4 c5 3. d5 b5 4. cxb5 a6 5. f3 e6 6. e4 exd5 7. e5 Qe7 8. Qe2 Ng8
9. Nc3 Bb7 10. Bf4 Qd8 11. Rd1 Ne7 12. Bg5 Qa5 13. Kf2 h6 14. Bxe7 Bxe7 15.
Nxd5 Bxd5 16. Rxd5 axb5 17. Qxb5 Qxb5 18. Bxb5 Rxa2 19. Rd2 Ra1 20. g3 Ra5 21.
Bc4 Nc6 22. f4 f6 23. exf6 Bxf6 24. Nf3 Nd4 25. Re1+ Kd8 26. Ne5 Bxe5 27. Rxe5
Re8 28. Rd5 Re4 29. Bd3 Re7 30. b4 Nb3 31. Rb2 cxb4 32. Rxa5 Nxa5 33. Rxb4 Nc6
34. Ra4 1/2-1/2

[Event "Ch-Fra Fem"]
[Site "Meribel"]
[Date "1998.08.23"]
[Round "4"]
[White "Dacalor, Aurelie"]
[Black "Gervais, Claire"]
[Result "1/2-1/2"]
[WhiteElo "210"]
[BlackElo "2240"]
[PlyCount "139"]
[EventDate "1998.08.??"]

1. d4 Nf6 2. c4 e6 3. Nc3 Bb4 4. Bg5 c5 5. d5 d6 6. Rc1 h6 7. Bxf6 Qxf6 8. a3
Bxc3+ 9. Rxc3 e5 10. e3 e4 11. f3 exf3 12. Nxf3 O-O 13. Be2 Bg4 14. O-O Qe7 15.
Nd2 Bxe2 16. Qxe2 Nd7 17. Re1 Rae8 18. b4 b6 19. bxc5 bxc5 20. Rb3 Rb8 21. Reb1
Rxb3 22. Rxb3 Rb8 23. Rxb8+ Nxb8 24. Qd3 Nd7 25. Qe4 Ne5 26. h3 g6 27. Qf4 Kg7
28. Kh2 Nd3 29. Qe4 Qe5+ 30. Qxe5+ Nxe5 31. Kg3 g5 32. Kf2 Kg6 33. Ke2 h5 34.
a4 f5 35. g3 Kf6 36. h4 gxh4 37. gxh4 Kg6 38. Kf2 Nd3+ 39. Ke2 Nb2 40. a5 Kf6
41. a6 Ke7 42. Kf3 Nd3 43. Nf1 Kf6 44. Nd2 Nb4 45. Kf4 Nxa6 46. e4 fxe4 47.
Nxe4+ Ke7 48. Nc3 Nb8 49. Kg5 Nd7 50. Kxh5 Ne5 51. Kh6 Nxc4 52. Kg7 Ne5 53. h5
Nf7 54. Ne4 a5 55. h6 a4 56. h7 a3 57. Nxd6 a2 58. Nf5+ Ke8 59. Nd6+ Kd7 60.
Nxf7 a1=Q+ 61. Kg8 Qa8+ 62. Kg7 Qxd5 63. h8=Q Qd4+ 64. Kg6 Qxh8 65. Nxh8 c4 66.
Nf7 Ke6 67. Ng5+ Ke5 68. Nf3+ Kf4 69. Nd4 Ke3 70. Nb5 1/2-1/2

[Event "Ch-Fra Fem"]
[Site "Meribel"]
[Date "1998.08.23"]
[Round "4"]
[White "Husson, Cybele"]
[Black "Flear, Christine"]
[Result "0-1"]
[WhiteElo "2065"]
[BlackElo "2230"]
[PlyCount "74"]
[EventDate "1998.08.??"]

1. e4 c5 2. g3 Nc6 3. Bg2 g6 4. d3 Bg7 5. Nf3 d6 6. O-O Nf6 7. Nc3 O-O 8. h3 e5
9. Be3 Nd4 10. Ne1 Rb8 11. Qd2 b5 12. Bg5 Ne6 13. Bxf6 Bxf6 14. Nd5 Bg7 15. f4
exf4 16. gxf4 Bxb2 17. Nf3 Bxa1 18. Rxa1 Bb7 19. f5 Bxd5 20. Qh6 Qf6 21. Rf1
Bxa2 22. fxe6 Bxe6 23. e5 dxe5 24. Qe3 e4 25. Qxe4 Bf5 26. Qf4 Qc3 27. Kh1 Rbd8
28. Ng5 Qg7 29. Nf3 Rc8 30. Qd6 c4 31. Nh4 Be6 32. Qa3 cxd3 33. cxd3 Rc3 34.
Qxa7 Rxd3 35. Nf3 Qh6 36. Ne5 Rxh3+ 37. Kg1 Qe3+ 0-1

[Event "Ch-Fra Fem"]
[Site "Meribel"]
[Date "1998.08.23"]
[Round "4"]
[White "Muller, Anne"]
[Black "Bramme, Emmanuelle"]
[Result "1/2-1/2"]
[WhiteElo "2095"]
[BlackElo "2105"]
[PlyCount "81"]
[EventDate "1998.08.??"]

1. e4 c5 2. Nf3 e6 3. d4 cxd4 4. Nxd4 Nf6 5. Nc3 d6 6. Be2 a6 7. a4 Be7 8. O-O
Qc7 9. f4 Nc6 10. Kh1 Bd7 11. Nb3 O-O 12. a5 b5 13. axb6 Qxb6 14. Bf3 e5 15. f5
a5 16. Na4 Qc7 17. Be3 Rab8 18. Nc3 Ra8 19. g4 a4 20. Nc1 h6 21. N1e2 Na5 22.
b3 axb3 23. cxb3 Bc6 24. Rb1 Qb7 25. Ng3 Rfb8 26. b4 Nc4 27. Bg1 Na3 28. Rb2
Nb5 29. Nxb5 Bxb5 30. Rff2 Bc6 31. Rfe2 Ra4 32. Qc2 Bb5 33. Re1 Ra3 34. Bg2
Nxg4 35. Qd1 Nf6 36. Nh5 Nxh5 37. Qxh5 Bg5 38. Qg4 Bc6 39. Rd1 Qe7 40. Bf2 Ra4
41. Rdb1 1/2-1/2

[Event "Ch-Fra Fem"]
[Site "Meribel"]
[Date "1998.08.23"]
[Round "4"]
[White "Sahetchian, Armine"]
[Black "Delahaye, Raphaelle"]
[Result "0-1"]
[WhiteElo "2110"]
[BlackElo "2195"]
[PlyCount "84"]
[EventDate "1998.08.??"]

1. e4 e6 2. d4 d5 3. Nd2 dxe4 4. Nxe4 Bd7 5. Nf3 Bc6 6. Bd3 Nd7 7. O-O Ngf6 8.
Qe2 Nxe4 9. Bxe4 Bxe4 10. Qxe4 c6 11. Bf4 Nf6 12. Qe2 Be7 13. c4 O-O 14. Rfd1
Qa5 15. Ne5 Rad8 16. a3 Nd7 17. b4 Qa6 18. Nf3 Nb6 19. Bc7 Rd7 20. Bxb6 Qxb6
21. Rd2 Bf6 22. Rad1 Rfd8 23. c5 Qc7 24. a4 h6 25. b5 Qa5 26. Qc4 e5 27. g3 e4
28. Nh4 Bxh4 29. gxh4 Rd5 30. Re2 Re8 31. f3 e3 32. Rde1 Qd8 33. bxc6 Rxd4 34.
c7 Rxc4 35. cxd8=Q Rxd8 36. Rxe3 Rxc5 37. Re7 Ra5 38. Rxb7 Rxa4 39. Ree7 Ra2
40. Kf1 Rdd2 41. h3 Rf2+ 42. Ke1 Rh2 0-1

[Event "Ch-Fra Fem"]
[Site "Meribel"]
[Date "1998.08.24"]
[Round "5"]
[White "Bramme, Emmanuelle"]
[Black "Sahetchian, Armine"]
[Result "1-0"]
[WhiteElo "2105"]
[BlackElo "2110"]
[PlyCount "127"]
[EventDate "1998.08.??"]

1. d4 Nf6 2. Nf3 e6 3. c4 b6 4. Nc3 Ba6 5. e3 Be7 6. Bd3 O-O 7. O-O d5 8. b3
Nbd7 9. Bb2 Rc8 10. Rc1 c5 11. cxd5 Bxd3 12. Qxd3 cxd4 13. Qxd4 exd5 14. Nxd5
Bc5 15. Nxf6+ Nxf6 16. Qxd8 Rfxd8 17. Bxf6 gxf6 18. Rfd1 Ba3 19. Rxc8 Rxc8 20.
g3 Rc2 21. Rd2 Rc1+ 22. Kg2 Bb4 23. Rd3 Kf8 24. Nd4 Ke7 25. a4 a5 26. Kf3 Rc5
27. g4 Rc1 28. h4 Bc5 29. Ne2 Rh1 30. Ng3 Rc1 31. Rd5 Rb1 32. Ne4 Bb4 33. Rb5
Rxb3 34. Rxb6 Ra3 35. Nxf6 Rxa4 36. Nxh7 Bc3 37. Ng5 f5 38. gxf5 Rxh4 39. Rb7+
Ke8 40. Ne4 Bb4 41. Nf6+ Kd8 42. e4 Kc8 43. Rb5 Bd2 44. Rd5 Bb4 45. Nd7 Kc7 46.
Nc5 Kb6 47. Na4+ Kc6 48. f6 Rh3+ 49. Kg4 Ra3 50. Nb2 Rb3 51. Nd3 a4 52. f7 Bf8
53. Ne5+ Kc7 54. Nd7 Be7 55. f8=Q Bxf8 56. Nxf8 a3 57. Rd1 a2 58. Ra1 Ra3 59.
f4 Kb6 60. e5 Ra8 61. Nd7+ Kb5 62. e6 Kb4 63. e7 Kb3 64. Nf6 1-0

[Event "Ch-Fra Fem"]
[Site "Meribel"]
[Date "1998.08.24"]
[Round "5"]
[White "Delahaye, Raphaelle"]
[Black "Husson, Cybele"]
[Result "1/2-1/2"]
[WhiteElo "2195"]
[BlackElo "2065"]
[PlyCount "81"]
[EventDate "1998.08.??"]

1. c4 e5 2. g3 Nc6 3. Bg2 f5 4. Nc3 Nf6 5. e3 d5 6. Nge2 Nb4 7. O-O dxc4 8. a3
Nbd5 9. Nxd5 Nxd5 10. Qa4+ c6 11. Qxc4 Be6 12. Qc2 Bd6 13. d4 O-O 14. dxe5 Bxe5
15. Rd1 Qf6 16. Nf4 Nxf4 17. gxf4 Bc7 18. Rb1 Rad8 19. b4 Rxd1+ 20. Qxd1 Rd8
21. Qe1 Bd5 22. Bxd5+ Rxd5 23. Bb2 Qg6+ 24. Kf1 Bd8 25. Rd1 Qd6 26. Rxd5 Qxd5
27. Qc3 Bf6 28. Qc2 Qa2 29. Qxf5 Qxb2 30. Qc8+ Kf7 31. Qxb7+ Kg6 32. Qxc6 Qxa3
33. Qg2+ Kf7 34. Qd5+ Kg6 35. Qg2+ Kf7 36. Qb7+ Ke6 37. Qc6+ Ke7 38. Qc7+ Ke8
39. Qc8+ Ke7 40. Qc7+ Ke8 41. Qc8+ 1/2-1/2

[Event "Ch-Fra Fem"]
[Site "Meribel"]
[Date "1998.08.24"]
[Round "5"]
[White "Flear, Christine"]
[Black "Lebel, Julia"]
[Result "1/2-1/2"]
[WhiteElo "2230"]
[BlackElo "2095"]
[PlyCount "23"]
[EventDate "1998.08.??"]

1. d4 g6 2. c4 Bg7 3. Nc3 c5 4. d5 Bxc3+ 5. bxc3 f5 6. h3 Nf6 7. Bh6 Qa5 8. Qc2
Rg8 9. Bd2 d6 10. Nf3 Nbd7 11. e3 Nb6 12. Be2 1/2-1/2

[Event "Ch-Fra Fem"]
[Site "Meribel"]
[Date "1998.08.24"]
[Round "5"]
[White "Gervais, Claire"]
[Black "Muller, Anne"]
[Result "0-1"]
[WhiteElo "2240"]
[BlackElo "2095"]
[PlyCount "174"]
[EventDate "1998.08.??"]

1. d4 Nf6 2. c4 e6 3. Nc3 Bb4 4. Qc2 c5 5. dxc5 O-O 6. a3 Bxc5 7. b4 Be7 8. e4
d6 9. Nf3 Nbd7 10. Bd3 b6 11. O-O Bb7 12. Qe2 Qc7 13. Bb2 Rac8 14. Rac1 Qb8 15.
Nd2 Ne5 16. Bb1 Ba6 17. Ba2 Rfe8 18. f4 Ng6 19. Nb5 Bb7 20. Bb1 a6 21. Nc3 Bf8
22. h3 a5 23. Na4 Ba8 24. Qf2 Nd7 25. f5 exf5 26. exf5 Nge5 27. f6 g6 28. Bd4
axb4 29. axb4 b5 30. Ba7 Qb7 31. Be4 Qa6 32. Ra1 bxa4 33. b5 Qa5 34. Bc2 Nc5
35. b6 Qa6 36. Nb3 Nxb3 37. Bxb3 Bc6 38. Qd4 Qb7 39. Bxa4 Bxa4 40. Rxa4 Rc5 41.
Rd1 Rec8 42. Rc1 Nc6 43. Qe4 Na5 44. Re1 Re5 45. Qxb7 Rxe1+ 46. Kf2 Nxb7 47.
Kxe1 Bh6 48. Ra3 Bg5 49. Rf3 h5 50. g3 h4 51. gxh4 Bxh4+ 52. Kd2 Kf8 53. Kd3
Re8 54. Kd4 Rc8 55. Kd3 Bg5 56. Rf1 Re8 57. Kd4 Re5 58. Bb8 Be3+ 59. Kd3 Bxb6
60. Rb1 Re3+ 61. Kd2 Re8 62. Rxb6 Rxb8 63. Kc3 Ke8 64. Kd4 Kd7 65. Kd5 Kc7 66.
Rc6+ Kd8 67. Rb6 Kd7 68. Rb2 Kc7 69. Re2 Rd8 70. Re7+ Rd7 71. Re2 Nc5 72. Ra2
Ne6 73. Ra7+ Kc8 74. Ra2 Kb7 75. Rb2+ Kc7 76. Rf2 Rd8 77. Ra2 Kd7 78. Ra3 Nc7+
79. Kd4 Re8 80. Rf3 Re6 81. c5 dxc5+ 82. Kxc5 Rc6+ 83. Kd4 Ne8 84. h4 Rxf6 85.
Rh3 Rf5 86. Ke4 Nf6+ 87. Kd4 Kd6 0-1

[Event "Ch-Fra Fem"]
[Site "Meribel"]
[Date "1998.08.24"]
[Round "5"]
[White "Klipper, Rebecca"]
[Black "Dacalor, Aurelie"]
[Result "0-1"]
[WhiteElo "2055"]
[BlackElo "210"]
[PlyCount "114"]
[EventDate "1998.08.??"]

1. d4 d6 2. c4 g6 3. Nc3 Bg7 4. e4 Nf6 5. Nf3 c6 6. Be2 a6 7. a4 a5 8. O-O Na6
9. Ne1 O-O 10. Kh1 e5 11. d5 Nc5 12. f3 Nh5 13. Nd3 Nxd3 14. Bxd3 f5 15. Be3 f4
16. Bf2 g5 17. g4 fxg3 18. Bxg3 Nxg3+ 19. hxg3 Qd7 20. Qe2 Rf6 21. g4 h5 22.
gxh5 Rh6 23. Rf2 Rxh5+ 24. Rh2 Qf7 25. Rxh5 Qxh5+ 26. Kg2 Bh3+ 27. Kf2 Rf8 28.
Ke3 Bh6 29. Kd2 g4+ 30. Kc2 gxf3 31. Rg1+ Kh7 32. Qf2 Bg4 33. Nd1 c5 34. Bf1
Bd7 35. b3 Rg8 36. Rxg8 Kxg8 37. Ne3 Qg5 38. Kd3 Qf4 39. Qg1+ Kf7 40. Qf2 Bg5
41. Nd1 Ke7 42. Qe3 Qf6 43. Qg1 Kf7 44. Qh2 Kg7 45. Nf2 Qf4 46. Qxf4 Bxf4 47.
Nh3 Bh6 48. Kc2 Kg6 49. Kd1 Kh5 50. Ke1 Kh4 51. Nf2 Kg3 52. Nd3 Be3 53. Kd1 Be8
54. Ne1 Bg6 55. Nc2 Kf4 56. Bd3 Bxe4 57. Bxe4 Kxe4 0-1

[Event "Ch-Fra Fem"]
[Site "Meribel"]
[Date "1998.08.25"]
[Round "6"]
[White "Husson, Cybele"]
[Black "Bramme, Emmanuelle"]
[Result "1/2-1/2"]
[WhiteElo "2065"]
[BlackElo "2105"]
[PlyCount "152"]
[EventDate "1998.08.??"]

1. e4 c5 2. g3 d6 3. Bg2 Nc6 4. d3 g6 5. Nc3 Bg7 6. Be3 Nf6 7. h3 a6 8. Nge2
Qc7 9. O-O b5 10. Qd2 b4 11. Nd1 O-O 12. Bh6 Bb7 13. Bxg7 Kxg7 14. f4 Na5 15.
Ne3 Qb6 16. g4 Rad8 17. Ng3 Nc6 18. g5 Nd7 19. Nd5 Qa7 20. f5 f6 21. Nf4 Nd4
22. c3 bxc3 23. bxc3 fxg5 24. Nxg6 c4 25. cxd4 Qxd4+ 26. Kh1 hxg6 27. Qxg5 Nf6
28. Qxg6+ Kh8 29. Qh6+ Nh7 30. Nh5 cxd3 31. f6 Rg8 32. fxe7 Bxe4 33. exd8=Q
Bxg2+ 34. Kh2 Rxd8 35. Rf7 Be4 36. Raf1 Qe5+ 37. Ng3 Rg8 38. Qe3 Bd5 39. Qxe5+
dxe5 40. Re7 Bxa2 41. Rxe5 Rc8 42. Ne4 Bb3 43. Nc5 Bc4 44. Rd1 Nf6 45. Nxd3 Rd8
46. Nb2 Rxd1 47. Nxd1 Kg7 48. Ne3 Bb5 49. Kg3 Kg6 50. Nd5 Nxd5 51. Rxd5 Kh6 52.
Kh4 Bf1 53. Kg4 Be2+ 54. Kf4 Bc4 55. Rg5 Be2 56. h4 Kh7 57. Re5 Bb5 58. Kg5 Bd3
59. Re7+ Kg8 60. h5 Bc2 61. Kf6 a5 62. Rc7 Bd3 63. Ra7 Be2 64. Rxa5 Kh7 65. Kg5
Bd3 66. Ra7+ Kg8 67. h6 Bc2 68. Kf6 Bd3 69. Rg7+ Kh8 70. Kf7 Bc4+ 71. Kf8 Bd3
72. Ke7 Bc2 73. Rg2 Be4 74. Rg7 Bd3 75. Kf6 Bc2 76. Rc7 Bd3 1/2-1/2

[Event "Ch-Fra Fem"]
[Site "Meribel"]
[Date "1998.08.25"]
[Round "6"]
[White "Lebel, Julia"]
[Black "Delahaye, Raphaelle"]
[Result "0-1"]
[WhiteElo "2095"]
[BlackElo "2195"]
[PlyCount "100"]
[EventDate "1998.08.??"]

1. e4 e6 2. d3 d5 3. Nd2 Bc5 4. Ngf3 Ne7 5. c3 Bb6 6. g3 Ng6 7. d4 O-O 8. Bg2
f5 9. exf5 exf5 10. O-O f4 11. a4 c6 12. Qb3 Kh8 13. Re1 Nd7 14. Nf1 Nf6 15.
Ng5 Ng4 16. Nf3 Nf6 17. Ng5 Nh5 18. Nf3 Qf6 19. a5 Bc7 20. c4 dxc4 21. Qxc4 Bg4
22. Ra3 Rad8 23. N1d2 Qf5 24. a6 bxa6 25. Qxc6 Bb6 26. b4 fxg3 27. hxg3 Bxd4
28. Ra5 Qd3 29. Qe4 Qxe4 30. Rxe4 Bxf3 31. Nxf3 Nxg3 32. Re6 Bb6 33. Rxa6 Rd1+
34. Kh2 Nf1+ 35. Bxf1 Rxf1 36. Ne1 R8xf2+ 37. Ng2 Bc7+ 38. Kh3 Rh1+ 39. Kg4
Rxg2+ 40. Kf5 Rf1+ 41. Ke4 Re2+ 42. Be3 Bb6 43. Raxb6 axb6 44. Rxb6 Rf8 45. Kd3
Ra2 46. Bc5 Rd8+ 47. Kc3 Ne5 48. Kb3 Rda8 49. Bd6 R2a3+ 50. Kc2 Nc4 0-1

[Event "Ch-Fra Fem"]
[Site "Meribel"]
[Date "1998.08.25"]
[Round "6"]
[White "Muller, Anne"]
[Black "Klipper, Rebecca"]
[Result "1/2-1/2"]
[WhiteElo "2095"]
[BlackElo "2055"]
[PlyCount "83"]
[EventDate "1998.08.??"]

1. e4 c5 2. Nf3 Nc6 3. d4 cxd4 4. Nxd4 g6 5. c4 Nf6 6. Nc3 d6 7. f3 Nxd4 8.
Qxd4 Bg7 9. Be3 O-O 10. Qd2 Be6 11. Rc1 Qa5 12. Nd5 Qxa2 13. Nxe7+ Kh8 14. Be2
Rfe8 15. Nd5 Bxd5 16. cxd5 Qb3 17. Bc4 Qa4 18. O-O Rec8 19. Bd3 a6 20. Kh1 Qd7
21. Qb4 Ne8 22. Kg1 h5 23. Rcd1 Kh7 24. f4 Bh6 25. Qd2 Nf6 26. Bd4 Ng8 27. Qf2
Bg7 28. e5 dxe5 29. Bxe5 Nh6 30. Bxg7 Kxg7 31. Qd4+ f6 32. Rfe1 Re8 33. Rxe8
Rxe8 34. Bb1 Nf5 35. Qd3 Qd6 36. Kh1 Qb4 37. Qc3 Qxc3 38. bxc3 Nd6 39. Kg1 g5
40. fxg5 fxg5 41. Kf2 Rc8 42. Rc1 1/2-1/2

[Event "Ch-Fra Fem"]
[Site "Meribel"]
[Date "1998.08.25"]
[Round "6"]
[White "Sahetchian, Armine"]
[Black "Gervais, Claire"]
[Result "1/2-1/2"]
[WhiteElo "2110"]
[BlackElo "2240"]
[PlyCount "46"]
[EventDate "1998.08.??"]

1. b3 d5 2. Bb2 Nf6 3. e3 c5 4. Nf3 Bg4 5. Be2 Nc6 6. O-O e6 7. d3 Bd6 8. Nbd2
O-O 9. h3 Bh5 10. Re1 Nd7 11. c4 Bg6 12. a3 Rc8 13. Rc1 Qe7 14. Bf1 Rfe8 15.
cxd5 exd5 16. d4 cxd4 17. exd4 Qf6 18. Rxe8+ Rxe8 19. b4 Bf4 20. b5 Nd8 21. g3
Bb8 22. Qb3 Qf5 23. Nh4 Qe6 1/2-1/2